[Event "Madrid-ch 2020-2021 - Final"]
[Site "Madrid ESP"]
[Date "2021.05.23"]
[Round "2.9"]
[White "Hernandez Ramos, David"]
[Black "Cabañas Bravo, Juan Andres"]
[Result "1-0"]
[WhiteElo "2101"]
[BlackElo "1948"]
[PlyCount "63"]
[EventDate "2021.05.22"]
[EventType "swiss"]
[EventRounds "7"]
[EventCountry "ESP"]
[SourceTitle "Ajedrez en Madrid"]
[Source "lmi"]
[SourceDate "2021.05.23"]
[SourceVersion "1"]
[SourceVersionDate "2021.05.29"]
[SourceQuality "1"]

1. Nf3 Nf6 2. d4 c5 3. e3 d5 4. Be2 g6 5. O-O b6 6. b3 Bg7 7. Bb2 O-O 8. dxc5
bxc5 9. c4 e6 10. Qc1 Nbd7 11. Rd1 Bb7 12. Nc3 Ne4 13. Nxe4 dxe4 14. Ne5 Nxe5
15. Rxd8 Rfxd8 16. Qc2 Rd7 17. Rd1 Rad8 18. Rxd7 Rxd7 19. Bc3 Nd3 20. Bxg7 Kxg7
21. h4 f5 22. Qc3+ e5 23. Kf1 Kf6 24. g3 h6 25. Qa5 g5 26. Qxa7 f4 27. Qb6+ Kf7
28. Bh5+ Ke7 29. Bg4 Bc8 30. Qxh6 gxh4 31. Qxh4+ Kd6 32. gxf4 1-0

[Event "Madrid-ch 2020-2021 - Final"]
[Site "Madrid ESP"]
[Date "2021.05.23"]
[Round "2.10"]
[White "Demerson Joly, Javier"]
[Black "Perez Gonzalez, Daniel"]
[Result "0-1"]
[WhiteElo "1959"]
[BlackElo "2056"]
[PlyCount "112"]
[EventDate "2021.05.22"]
[EventType "swiss"]
[EventRounds "7"]
[EventCountry "ESP"]
[SourceTitle "Ajedrez en Madrid"]
[Source "lmi"]
[SourceDate "2021.05.23"]
[SourceVersion "1"]
[SourceVersionDate "2021.05.29"]
[SourceQuality "1"]

1. c4 Nf6 2. Nc3 g6 3. e4 d6 4. d4 Bg7 5. Nf3 O-O 6. Be2 e5 7. dxe5 dxe5 8.
Qxd8 Rxd8 9. Bg5 Re8 10. Nd5 Nxd5 11. cxd5 c6 12. Bc4 cxd5 13. Bxd5 Nd7 14. O-O
Nb6 15. Bb3 Bg4 16. Nd2 Rac8 17. Rac1 Be2 18. Rfe1 Rxc1 19. Rxc1 Rc8 20. Rxc8+
Nxc8 21. Bc4 Bxc4 22. Nxc4 f6 23. Be3 Bf8 24. Kf1 Kf7 25. Ke2 Ke6 26. f3 f5 27.
g3 h5 28. h3 b5 29. Na5 Kd7 30. g4 f4 31. Bd2 Nb6 32. b3 Na8 33. Bc3 Bd6 34. a3
Nc7 35. b4 Ne6 36. Nb3 Ng5 37. h4 Nf7 38. Be1 Be7 39. g5 Nd6 40. Bf2 Nc4 41.
Bxa7 Nxa3 42. Bc5 Nc2 43. Kd2 Nxb4 44. Kc3 Nc6 45. Bxe7 Kxe7 46. Kd3 Kd6 47.
Kc3 Kc7 48. Kd3 Kb6 49. Kc3 Na5 50. Nc1 Nc6 51. Nb3 Kc7 52. Kd3 Kb7 53. Kc3 Kb6
54. Kd3 Na5 55. Nc1 Kc5 56. Ne2 Nc6 0-1

[Event "Madrid-ch 2020-2021 - Final"]
[Site "Madrid ESP"]
[Date "2021.05.23"]
[Round "2.11"]
[White "Fernandez Rosado, Roberto"]
[Black "Rojas Pozo, Jose Luis"]
[Result "1-0"]
[WhiteElo "2029"]
[BlackElo "1875"]
[PlyCount "115"]
[EventDate "2021.05.22"]
[EventType "swiss"]
[EventRounds "7"]
[EventCountry "ESP"]
[SourceTitle "Ajedrez en Madrid"]
[Source "lmi"]
[SourceDate "2021.05.23"]
[SourceVersion "1"]
[SourceVersionDate "2021.05.29"]
[SourceQuality "1"]

1. d4 Nf6 2. c4 e6 3. Nf3 b6 4. a3 Bb7 5. Nc3 Ne4 6. Nxe4 Bxe4 7. e3 Be7 8. Bd3
Bb7 9. O-O O-O 10. b3 d6 11. Bb2 Nd7 12. Re1 Bf6 13. Nd2 g6 14. Qc2 Bg7 15. e4
e5 16. d5 a5 17. b4 Qe7 18. Nf1 Bh6 19. Ng3 Rfb8 20. Bc3 axb4 21. axb4 Qd8 22.
Ne2 Rxa1 23. Bxa1 Ra8 24. Nc3 Ba6 25. Bb2 f6 26. Qe2 Bc8 27. g3 Nb8 28. Qc2 Bd7
29. Qb3 Kh8 30. Ne2 Be8 31. Qc3 Nd7 32. Bc2 Ra7 33. Bb3 Qe7 34. Nc1 Qd8 35. Nd3
Bg7 36. Ra1 Rxa1+ 37. Bxa1 Qa8 38. Bb2 Qa7 39. Qc2 Qb8 40. Kg2 Bf8 41. f4 Bg7
42. Ba4 Kg8 43. Bc6 Qa7 44. Qb3 Kf8 45. Ba3 Nb8 46. Bxe8 Kxe8 47. c5 Nd7 48.
fxe5 fxe5 49. cxd6 cxd6 50. b5 Bf8 51. Nb2 Nc5 52. Bxc5 dxc5 53. Nc4 Qc7 54.
Qa2 Bd6 55. Qa8+ Kf7 56. Qh8 h5 57. h4 Ke7 58. Qg7+ 1-0

[Event "Madrid-ch 2020-2021 - Final"]
[Site "Madrid ESP"]
[Date "2021.05.23"]
[Round "2.12"]
[White "Rey Martinez, Jaime"]
[Black "Vukotic Jovsic, Dragan"]
[Result "1-0"]
[WhiteElo "1992"]
[BlackElo "1859"]
[PlyCount "83"]
[EventDate "2021.05.22"]
[EventType "swiss"]
[EventRounds "7"]
[EventCountry "ESP"]
[SourceTitle "Ajedrez en Madrid"]
[Source "lmi"]
[SourceDate "2021.05.23"]
[SourceVersion "1"]
[SourceVersionDate "2021.05.29"]
[SourceQuality "1"]

1. e4 e5 2. Nf3 d6 3. Nc3 Nf6 4. d4 Qe7 5. Bg5 c6 6. Bc4 Bg4 7. d5 h6 8. Bxf6
Qxf6 9. Be2 Be7 10. h3 Bh5 11. Qd2 g5 12. Nh2 Bxe2 13. Nxe2 Nd7 14. Ng3 Qf4 15.
dxc6 Qxd2+ 16. Kxd2 bxc6 17. Ng4 Rb8 18. b3 d5 19. Nf5 h5 20. Nge3 dxe4 21. Nc4
Rd8 22. Kc3 Bc5 23. Rad1 O-O 24. Rhf1 Nf6 25. Nxe5 Rd5 26. Rxd5 cxd5 27. Kd2
Rd8 28. Nc6 Rd7 29. b4 Bf8 30. Rb1 Ne8 31. Rb3 Nd6 32. Nxd6 Bxd6 33. Ra3 Rc7
34. Ra6 Rb7 35. a3 Bf4+ 36. Ke2 Rc7 37. b5 Bd6 38. Nxa7 Bf4 39. Nc6 d4 40. g3
Bd6 41. Nxd4 Bc5 42. Rc6 1-0

[Event "Madrid-ch 2020-2021 - Final"]
[Site "Madrid ESP"]
[Date "2021.05.24"]
[Round "3.1"]
[White "Martin Duque, Jesus"]
[Black "Ortega Ruiz, Jose Miguel"]
[Result "1-0"]
[WhiteElo "2432"]
[BlackElo "2253"]
[PlyCount "65"]
[EventDate "2021.05.22"]
[EventType "swiss"]
[EventRounds "7"]
[EventCountry "ESP"]
[SourceTitle "Ajedrez en Madrid"]
[Source "lmi"]
[SourceDate "2021.05.23"]
[SourceVersion "1"]
[SourceVersionDate "2021.05.29"]
[SourceQuality "1"]

1. Nf3 Nf6 2. b3 g6 3. Bb2 Bg7 4. g3 b6 5. Bg2 Bb7 6. O-O O-O 7. e3 e6 8. Qe2
Qe7 9. d4 d5 10. c4 c5 11. Rd1 Rd8 12. dxc5 bxc5 13. cxd5 exd5 14. Nc3 Nbd7 15.
Rac1 Nb6 16. Ba3 Nfd7 17. Ne1 Nf8 18. Bxc5 Qxc5 19. Nxd5 Qa3 20. Nxb6 Rxd1 21.
Rxd1 axb6 22. Bxb7 Ra7 23. Bd5 Qxa2 24. Qc4 Qb2 25. Nf3 Qf6 26. h4 h6 27. Kg2
Ra2 28. Rd4 g5 29. hxg5 hxg5 30. b4 Rb2 31. Qc1 Re2 32. Bc4 Qc6 33. Bxf7+ 1-0

[Event "Madrid-ch 2020-2021 - Final"]
[Site "Madrid ESP"]
[Date "2021.05.24"]
[Round "3.2"]
[White "Suarez Uriel, Adrian"]
[Black "Centeno Mendoza, Julio Stefano"]
[Result "0-1"]
[WhiteElo "2364"]
[BlackElo "2012"]
[PlyCount "60"]
[EventDate "2021.05.22"]
[EventType "swiss"]
[EventRounds "7"]
[EventCountry "ESP"]
[SourceTitle "Ajedrez en Madrid"]
[Source "lmi"]
[SourceDate "2021.05.23"]
[SourceVersion "1"]
[SourceVersionDate "2021.05.29"]
[SourceQuality "1"]

1. e4 e5 2. Nf3 Nc6 3. Bc4 Bc5 4. O-O Nf6 5. d3 O-O 6. h3 d5 7. exd5 Nxd5 8.
Re1 Be6 9. Nbd2 Nf4 10. Ne4 Bxc4 11. Nxc5 Bd5 12. c4 Bxf3 13. Qxf3 Nd4 14. Qxb7
Rb8 15. Qxa7 Nf3+ 16. Kh1 Nxe1 17. Bxf4 Nxd3 18. Nxd3 exf4 19. Qa3 Qd4 20. Rd1
Rfd8 21. Kh2 f3 22. g3 Qxc4 23. Ne5 Qe2 24. Rxd8+ Rxd8 25. Qc5 Rd1 26. g4 Qe4
27. Kg3 Rg1+ 28. Kh4 Qf4 29. Nd3 Qh6+ 30. Qh5 g5# 0-1

[Event "Madrid-ch 2020-2021 - Final"]
[Site "Madrid ESP"]
[Date "2021.05.24"]
[Round "3.3"]
[White "Almagro Llamas, Pablo"]
[Black "Martinez Reyes, Pedro Ramon"]
[Result "0-1"]
[WhiteElo "2424"]
[BlackElo "2408"]
[PlyCount "44"]
[EventDate "2021.05.22"]
[EventType "swiss"]
[EventRounds "7"]
[EventCountry "ESP"]
[SourceTitle "Ajedrez en Madrid"]
[Source "lmi"]
[SourceDate "2021.05.23"]
[SourceVersion "1"]
[SourceVersionDate "2021.05.29"]
[SourceQuality "1"]

1. d4 d5 2. Bf4 Nf6 3. e3 c5 4. Nf3 Nc6 5. Nbd2 Bg4 6. c3 cxd4 7. exd4 e6 8.
Qb3 Bd6 9. Qxb7 O-O 10. Bxd6 Qxd6 11. Bb5 Bxf3 12. Nxf3 Nb4 13. O-O Rfb8 14.
Qxa8 Rxa8 15. cxb4 Qxb4 16. a4 Ne4 17. Rac1 Nd2 18. Nxd2 Qxd2 19. Rfd1 Qxb2 20.
Rc7 g6 21. g3 a6 22. Bf1 Qb3 0-1

[Event "Madrid-ch 2020-2021 - Final"]
[Site "Madrid ESP"]
[Date "2021.05.24"]
[Round "3.5"]
[White "Mkrtchyan, Levon"]
[Black "Candela Perez, Jose"]
[Result "1/2-1/2"]
[WhiteElo "2230"]
[BlackElo "2328"]
[PlyCount "81"]
[EventDate "2021.05.22"]
[EventType "swiss"]
[EventRounds "7"]
[EventCountry "ESP"]
[SourceTitle "Ajedrez en Madrid"]
[Source "lmi"]
[SourceDate "2021.05.23"]
[SourceVersion "1"]
[SourceVersionDate "2021.05.29"]
[SourceQuality "1"]

1. e4 e5 2. Nf3 Nc6 3. Bc4 Bc5 4. O-O Nf6 5. d4 Bxd4 6. Nxd4 Nxd4 7. f4 d6 8.
fxe5 dxe5 9. Bg5 Qe7 10. c3 Ne6 11. Bxf6 gxf6 12. Bxe6 fxe6 13. Qh5+ Qf7 14.
Qh4 Rf8 15. Na3 Bd7 16. Nc4 Qg7 17. Rf3 O-O-O 18. Raf1 Bb5 19. b3 Bxc4 20. bxc4
Rd2 21. R3f2 Rxf2 22. Qxf2 Kb8 23. c5 Qd7 24. Qh4 Qe7 25. Kh1 a6 26. c6 bxc6
27. Rb1+ Ka8 28. Qg4 Rb8 29. Rxb8+ Kxb8 30. Qe2 Qa3 31. Qc2 Qc5 32. h3 Qc4 33.
Kg1 c5 34. h4 h5 35. g4 Ka7 36. gxh5 Qb5 37. h6 Qe8 38. Qg2 Qh5 39. Qg7 Qd1+
40. Kf2 Qd2+ 41. Kf1 1/2-1/2

[Event "Madrid-ch 2020-2021 - Final"]
[Site "Madrid ESP"]
[Date "2021.05.24"]
[Round "3.7"]
[White "Perez Gonzalez, Daniel"]
[Black "Rottenwohrer Suarez, Juan"]
[Result "1/2-1/2"]
[WhiteElo "2056"]
[BlackElo "2196"]
[PlyCount "41"]
[EventDate "2021.05.22"]
[EventType "swiss"]
[EventRounds "7"]
[EventCountry "ESP"]
[SourceTitle "Ajedrez en Madrid"]
[Source "lmi"]
[SourceDate "2021.05.23"]
[SourceVersion "1"]
[SourceVersionDate "2021.05.29"]
[SourceQuality "1"]

1. e4 c5 2. c3 Nf6 3. e5 Nd5 4. d4 cxd4 5. Nf3 Nc6 6. cxd4 d6 7. Bc4 Nb6 8. Bb3
dxe5 9. d5 Na5 10. Nc3 Nxb3 11. Qxb3 e6 12. Nxe5 exd5 13. Be3 Bd6 14. Qb5+ Bd7
15. Nxd7 Qxd7 16. O-O-O Rc8 17. Kb1 Bc5 18. Qxd7+ Nxd7 19. Rxd5 Bxe3 20. Re1
O-O 21. Rxe3 1/2-1/2

[Event "Madrid-ch 2020-2021 - Final"]
[Site "Madrid ESP"]
[Date "2021.05.24"]
[Round "3.8"]
[White "Martinez Fernandez, Raul"]
[Black "Fernandez Rosado, Roberto"]
[Result "1-0"]
[WhiteElo "2141"]
[BlackElo "2029"]
[PlyCount "55"]
[EventDate "2021.05.22"]
[EventType "swiss"]
[EventRounds "7"]
[EventCountry "ESP"]
[SourceTitle "Ajedrez en Madrid"]
[Source "lmi"]
[SourceDate "2021.05.23"]
[SourceVersion "1"]
[SourceVersionDate "2021.05.29"]
[SourceQuality "1"]

1. e4 e5 2. Nf3 Nc6 3. d4 exd4 4. Nxd4 Bc5 5. Be3 Qf6 6. c3 Nge7 7. g3 d6 8.
Bg2 Nxd4 9. cxd4 Bb4+ 10. Nc3 Bxc3+ 11. bxc3 Qg6 12. O-O O-O 13. f4 f5 14. e5
d5 15. Qb3 c6 16. Rfc1 Kh8 17. Rc2 b6 18. Bc1 Re8 19. Ba3 Qf7 20. Qa4 Bd7 21.
Re1 Qe6 22. Bxe7 Rxe7 23. c4 Be8 24. cxd5 cxd5 25. Qb3 Bf7 26. Rec1 Ree8 27.
Rc6 Rec8 28. Qxd5 1-0

[Event "Madrid-ch 2020-2021 - Final"]
[Site "Madrid ESP"]
[Date "2021.05.24"]
[Round "3.9"]
[White "Neagu, Roberto Florin"]
[Black "Hernandez Ramos, David"]
[Result "1/2-1/2"]
[WhiteElo "1881"]
[BlackElo "2101"]
[PlyCount "101"]
[EventDate "2021.05.22"]
[EventType "swiss"]
[EventRounds "7"]
[EventCountry "ESP"]
[SourceTitle "Ajedrez en Madrid"]
[Source "lmi"]
[SourceDate "2021.05.23"]
[SourceVersion "1"]
[SourceVersionDate "2021.05.29"]
[SourceQuality "1"]

1. c4 c5 2. Nc3 Nf6 3. e4 Nc6 4. g3 d6 5. h3 g6 6. Bg2 Bg7 7. Nge2 O-O 8. O-O
a6 9. d3 Rb8 10. f4 Nd7 11. a4 Nd4 12. Kh2 b6 13. Rb1 Nxe2 14. Qxe2 Bb7 15. h4
h5 16. Bh3 Bc8 17. e5 dxe5 18. f5 Nf6 19. Ne4 Ng4+ 20. Bxg4 hxg4 21. fxg6 fxg6
22. Bg5 Bf5 23. Rbd1 Qd7 24. b3 Rbd8 25. a5 Bf6 26. Bh6 Rfe8 27. axb6 Qc6 28.
Rb1 Qxb6 29. Be3 Rd4 30. Bxd4 exd4 31. b4 cxb4 32. c5 Qe6 33. Rxb4 Rc8 34.
Nxf6+ Qxf6 35. Rc4 Rc6 36. Rc2 Re6 37. Qg2 Rc6 38. Qd5+ Kh7 39. Re2 Rc7 40. Re5
Rd7 41. Qxd7 Qxe5 42. Qc6 Qe2+ 43. Qg2 Qxd3 44. Re1 e6 45. Re2 Qc4 46. c6 d3
47. Rb2 Be4 48. Rb7+ Kg8 49. Rb8+ Kh7 50. Qd2 Qxc6 51. Rb2 1/2-1/2

[Event "Madrid-ch 2020-2021 - Final"]
[Site "Madrid ESP"]
[Date "2021.05.24"]
[Round "3.10"]
[White "Moreno Ruiz, Javier"]
[Black "Demerson Joly, Javier"]
[Result "1-0"]
[WhiteElo "2426"]
[BlackElo "1959"]
[PlyCount "51"]
[EventDate "2021.05.22"]
[EventType "swiss"]
[EventRounds "7"]
[EventCountry "ESP"]
[SourceTitle "Ajedrez en Madrid"]
[Source "lmi"]
[SourceDate "2021.05.23"]
[SourceVersion "1"]
[SourceVersionDate "2021.05.29"]
[SourceQuality "1"]

1. Nf3 d5 2. g3 Bg4 3. Bg2 Nd7 4. O-O c6 5. d3 Bxf3 6. Bxf3 Ngf6 7. Bg2 e5 8.
e4 dxe4 9. dxe4 Bc5 10. Nd2 O-O 11. Qe2 Qe7 12. Nf3 Rfe8 13. Nh4 g6 14. Bh3 Nf8
15. c3 a5 16. a4 Ne6 17. Nf3 Qc7 18. Qc4 Bf8 19. Be3 h5 20. Nh4 Ng4 21. Bxg4
hxg4 22. Qe2 Bc5 23. Bxc5 Nxc5 24. Qxg4 Rad8 25. Qe2 Ne6 26. Nf3 1-0

[Event "Madrid-ch 2020-2021 - Final"]
[Site "Madrid ESP"]
[Date "2021.05.24"]
[Round "3.11"]
[White "Rojas Pozo, Jose Luis"]
[Black "Pindado Campos, Raul"]
[Result "1/2-1/2"]
[WhiteElo "1875"]
[BlackElo "2152"]
[PlyCount "109"]
[EventDate "2021.05.22"]
[EventType "swiss"]
[EventRounds "7"]
[EventCountry "ESP"]
[SourceTitle "Ajedrez en Madrid"]
[Source "lmi"]
[SourceDate "2021.05.23"]
[SourceVersion "1"]
[SourceVersionDate "2021.05.29"]
[SourceQuality "1"]

1. d4 Nf6 2. c4 g6 3. Nc3 Bg7 4. e4 d6 5. f3 O-O 6. Be3 Nbd7 7. Bd3 c5 8. Nge2
cxd4 9. Bxd4 Ne5 10. O-O Be6 11. b3 Nc6 12. Be3 Nd7 13. Rc1 Nde5 14. Bb1 a6 15.
h3 Nd7 16. Qd2 Re8 17. Rfd1 Rc8 18. Nd5 Ncb8 19. Nd4 Nc6 20. Kh1 Nxd4 21. Bxd4
Bxd4 22. Qxd4 Bxd5 23. cxd5 Qa5 24. f4 Nf6 25. Kh2 Qa3 26. Qd2 Nd7 27. Rc3 Rc5
28. Rdc1 Rec8 29. Rxc5 Rxc5 30. Rxc5 Qxc5 31. b4 Qb6 32. a4 Qc7 33. a5 Qc4 34.
Kg3 Nf6 35. e5 dxe5 36. fxe5 Qxd5 37. Qxd5 Nxd5 38. Be4 e6 39. Bxd5 exd5 40.
Kf4 Kf8 41. Ke3 Ke7 42. Kd4 Ke6 43. h4 h6 44. g4 h5 45. g5 Ke7 46. Kxd5 Kd7 47.
Kc5 Kc7 48. b5 axb5 49. Kxb5 Kb8 50. Kb6 Kc8 51. Kb5 Kb8 52. Kc5 Kc7 53. Kb5
Kb8 54. Kc5 Kc7 55. Kb5 1/2-1/2

[Event "Madrid-ch 2020-2021 - Final"]
[Site "Madrid ESP"]
[Date "2021.05.24"]
[Round "3.12"]
[White "Vukotic Jovsic, Dragan"]
[Black "Cabañas Bravo, Juan Andres"]
[Result "0-1"]
[WhiteElo "1859"]
[BlackElo "1948"]
[PlyCount "118"]
[EventDate "2021.05.22"]
[EventType "swiss"]
[EventRounds "7"]
[EventCountry "ESP"]
[SourceTitle "Ajedrez en Madrid"]
[Source "lmi"]
[SourceDate "2021.05.23"]
[SourceVersion "1"]
[SourceVersionDate "2021.05.29"]
[SourceQuality "1"]

1. Nf3 Nf6 2. d4 c5 3. c3 g6 4. dxc5 Bg7 5. Nbd2 Qc7 6. e4 Qxc5 7. h3 d6 8. Qc2
Nbd7 9. b4 Qc7 10. Bb2 O-O 11. Be2 Nh5 12. c4 Nf4 13. Bxg7 Kxg7 14. Bf1 Qb6 15.
Qc3+ f6 16. g3 Nh5 17. Nd4 Ne5 18. Bg2 Qxb4 19. Qxb4 Nd3+ 20. Ke2 Nxb4 21. a3
Na6 22. Rab1 Nc5 23. N2b3 Na4 24. Ke3 Kf7 25. g4 Ng7 26. Rhc1 Bd7 27. c5 e5 28.
Ne2 dxc5 29. Nxc5 Nxc5 30. Rxc5 Bc6 31. f4 Ne6 32. Rcc1 Rfd8 33. f5 Nd4 34. Bf1
Nb5 35. a4 Nd6 36. Nc3 a6 37. a5 Ke7 38. fxg6 hxg6 39. Nd5+ Bxd5 40. exd5 Rac8
41. Kf3 g5 42. Bd3 Rxc1 43. Rxc1 Kd7 44. Bf5+ Nxf5 45. gxf5 Rh8 46. Rb1 Kc7 47.
Rb6 Rxh3+ 48. Ke2 Ra3 49. d6+ Kd7 50. Rxb7+ Kxd6 51. Rb6+ Kd5 52. Rxa6 Ke4 53.
Rxf6 Ra2+ 54. Kf1 Rxa5 55. Rf8 Kf3 56. Ke1 e4 57. f6 e3 58. Rd8 Rf5 59. Rd6 g4
0-1

[Event "Madrid-ch 2020-2021 - Final"]
[Site "Madrid ESP"]
[Date "2021.05.25"]
[Round "4.1"]
[White "Centeno Mendoza, Julio Stefano"]
[Black "Martin Duque, Jesus"]
[Result "0-1"]
[WhiteElo "2012"]
[BlackElo "2432"]
[PlyCount "72"]
[EventDate "2021.05.22"]
[EventType "swiss"]
[EventRounds "7"]
[EventCountry "ESP"]
[SourceTitle "Ajedrez en Madrid"]
[Source "lmi"]
[SourceDate "2021.05.23"]
[SourceVersion "1"]
[SourceVersionDate "2021.05.29"]
[SourceQuality "1"]

1. e4 c5 2. d4 cxd4 3. c3 dxc3 4. Nxc3 Nc6 5. Nf3 d6 6. Bc4 Bd7 7. O-O h6 8.
Qe2 g5 9. Rd1 Bg7 10. Be3 Nf6 11. Nd4 Ne5 12. Bb3 O-O 13. Nf5 Bxf5 14. exf5 Qc8
15. Bc2 Qc4 16. Qe1 Qg4 17. Kh1 Qh5 18. Bd4 Nc6 19. f3 Nxd4 20. Rxd4 Nd7 21.
Rb4 Bxc3 22. bxc3 Ne5 23. Rxb7 Nxf3 24. Qg3 Ne5 25. Rab1 Qe2 26. Bb3 Qe4 27.
Bd1 Qxf5 28. Be2 Rac8 29. Rf1 Qc2 30. Qf2 e6 31. c4 a5 32. a3 Rb8 33. Rxb8 Rxb8
34. Qa7 Rb1 35. Qxa5 Rxf1+ 36. Bxf1 Qf2 0-1

[Event "Madrid-ch 2020-2021 - Final"]
[Site "Madrid ESP"]
[Date "2021.05.25"]
[Round "4.2"]
[White "Martinez Reyes, Pedro Ramon"]
[Black "Rodriguez Avila, Alvaro"]
[Result "1-0"]
[WhiteElo "2408"]
[BlackElo "1966"]
[PlyCount "95"]
[EventDate "2021.05.22"]
[EventType "swiss"]
[EventRounds "7"]
[EventCountry "ESP"]
[SourceTitle "Ajedrez en Madrid"]
[Source "lmi"]
[SourceDate "2021.05.23"]
[SourceVersion "1"]
[SourceVersionDate "2021.05.29"]
[SourceQuality "1"]

1. e4 c5 2. c3 g6 3. d4 cxd4 4. cxd4 d5 5. e5 Nc6 6. Nc3 a6 7. Be3 Nh6 8. Qb3
e6 9. Nf3 Nf5 10. Be2 Bg7 11. Rd1 O-O 12. O-O f6 13. exf6 Bxf6 14. Na4 Qc7 15.
Rd2 b5 16. Nc5 Qg7 17. Qc3 b4 18. Qd3 g5 19. g4 Nfe7 20. Bd1 h6 21. h3 Ng6 22.
Bc2 Nf4 23. Bxf4 gxf4 24. Qg6 Qxg6 25. Bxg6 Kg7 26. Bc2 Be7 27. Ba4 Nxd4 28.
Nxd4 Bxc5 29. Rc1 Bxd4 30. Rc7+ Rf7 31. Rxf7+ Kxf7 32. Rxd4 a5 33. Rxf4+ Ke7
34. Rd4 Kd6 35. f4 Ba6 36. Kf2 Rc8 37. Rd1 Rc4 38. Kg3 Re4 39. Rc1 Rc4 40. Re1
Rd4 41. Rc1 Rc4 42. Rc2 Rxc2 43. Bxc2 e5 44. h4 e4 45. g5 hxg5 46. fxg5 Ke5 47.
h5 Be2 48. h6 1-0

[Event "Madrid-ch 2020-2021 - Final"]
[Site "Madrid ESP"]
[Date "2021.05.25"]
[Round "4.3"]
[White "Ortega Ruiz, Jose Miguel"]
[Black "Suarez Uriel, Adrian"]
[Result "1-0"]
[WhiteElo "2253"]
[BlackElo "2364"]
[PlyCount "61"]
[EventDate "2021.05.22"]
[EventType "swiss"]
[EventRounds "7"]
[EventCountry "ESP"]
[SourceTitle "Ajedrez en Madrid"]
[Source "lmi"]
[SourceDate "2021.05.23"]
[SourceVersion "1"]
[SourceVersionDate "2021.05.29"]
[SourceQuality "1"]

1. d4 Nf6 2. c4 g6 3. Nc3 Bg7 4. e4 d6 5. Nf3 O-O 6. Be2 Bg4 7. Be3 Nfd7 8. O-O
Nc6 9. d5 Bxf3 10. Bxf3 Na5 11. Be2 Bxc3 12. bxc3 e5 13. dxe6 fxe6 14. f4 Qe7
15. f5 Ne5 16. c5 dxc5 17. Qa4 b6 18. Rae1 Rae8 19. Bh6 Rf7 20. Bf4 exf5 21.
exf5 c4 22. Bxe5 Qxe5 23. Bxc4 Qxe1 24. Bxf7+ Kxf7 25. fxg6+ Kxg6 26. Qg4+ Kh6
27. Qf4+ Kg6 28. Qf5+ Kh6 29. Qf6+ Kh5 30. Rxe1 Rxe1+ 31. Kf2 1-0

[Event "Madrid-ch 2020-2021 - Final"]
[Site "Madrid ESP"]
[Date "2021.05.25"]
[Round "4.4"]
[White "Rey Martinez, Jaime"]
[Black "Mkrtchyan, Levon"]
[Result "0-1"]
[WhiteElo "1992"]
[BlackElo "2230"]
[PlyCount "154"]
[EventDate "2021.05.22"]
[EventType "swiss"]
[EventRounds "7"]
[EventCountry "ESP"]
[SourceTitle "Ajedrez en Madrid"]
[Source "lmi"]
[SourceDate "2021.05.23"]
[SourceVersion "1"]
[SourceVersionDate "2021.05.29"]
[SourceQuality "1"]

1. e4 e6 2. d4 d5 3. Bd3 c5 4. exd5 exd5 5. Nf3 c4 6. Be2 Nf6 7. O-O Be7 8. b3
cxb3 9. axb3 O-O 10. c4 Nc6 11. Nc3 Be6 12. Bf4 Rc8 13. c5 Ne4 14. Bd2 Bf6 15.
Ra4 Bg4 16. Be1 Re8 17. h3 Bh5 18. g4 Bg6 19. b4 a6 20. b5 Nxc3 21. Bxc3 axb5
22. Bxb5 h5 23. Ne5 Bxe5 24. dxe5 hxg4 25. hxg4 Re6 26. Qe2 Qh4 27. Bxc6 Rexc6
28. Bd4 Bd3 29. Qxd3 Rh6 30. Kg2 Qh2+ 31. Kf3 Rh3+ 32. Ke2 Rxd3 33. Kxd3 Qh3+
34. Ke2 b6 35. Rc1 Qxg4+ 36. f3 Qg2+ 37. Bf2 Rxc5 38. Rxc5 bxc5 39. Ra8+ Kh7
40. Rd8 d4 41. Rd5 Qh2 42. Rxc5 d3+ 43. Ke3 d2 44. Rd5 Qh6+ 45. Ke2 Qa6+ 46.
Ke3 Qa1 47. Rxd2 Qxe5+ 48. Kd3 g5 49. Bd4 Qg3 50. Rf2 f5 51. Ke2 g4 52. fxg4
Qxg4+ 53. Kd3 Qe4+ 54. Kc3 f4 55. Rb2 Kg6 56. Rf2 f3 57. Rb2 Kf5 58. Rf2 Kg4
59. Rb2 Kg3 60. Rd2 Kf4 61. Bf2 Qc6+ 62. Kb2 Ke4 63. Rd4+ Ke5 64. Rd2 Qc4 65.
Bg3+ Ke4 66. Bf2 Ke5 67. Bg3+ Kf5 68. Bf2 Ke4 69. Bg1 Qb5+ 70. Kc2 Qc6+ 71. Kd1
Qa4+ 72. Ke1 Qa1+ 73. Rd1 Qc3+ 74. Rd2 Qb4 75. Ba7 Kf4 76. Bf2 Qb1+ 77. Rd1
Qe4+ 0-1

[Event "Madrid-ch 2020-2021 - Final"]
[Site "Madrid ESP"]
[Date "2021.05.25"]
[Round "4.5"]
[White "Rottenwohrer Suarez, Juan"]
[Black "Martinez Fernandez, Raul"]
[Result "0-1"]
[WhiteElo "2196"]
[BlackElo "2141"]
[PlyCount "70"]
[EventDate "2021.05.22"]
[EventType "swiss"]
[EventRounds "7"]
[EventCountry "ESP"]
[SourceTitle "Ajedrez en Madrid"]
[Source "lmi"]
[SourceDate "2021.05.23"]
[SourceVersion "1"]
[SourceVersionDate "2021.05.29"]
[SourceQuality "1"]

1. d4 d5 2. c4 c6 3. Nf3 Nf6 4. Nc3 dxc4 5. a4 Bf5 6. Ne5 Nbd7 7. Nxc4 Qc7 8.
g3 e5 9. dxe5 Nxe5 10. Bf4 Nfd7 11. Bg2 g5 12. Bxe5 Nxe5 13. Qd4 f6 14. h4 Rd8
15. Qe3 Be7 16. Nxe5 Qxe5 17. Qxe5 fxe5 18. hxg5 Bxg5 19. Be4 Bd2+ 20. Kf1 Bxc3
21. Bxf5 Bxb2 22. Rb1 Rd2 23. Rxh7 Rxh7 24. Bxh7 b5 25. axb5 cxb5 26. Bd3 b4
27. Bb5+ Ke7 28. Kg2 a5 29. g4 e4 30. Kg3 Be5+ 31. Kh4 Kd6 32. f3 Kc5 33. Ba4
e3 34. Rc1+ Bc3 35. Rc2 Kc4 0-1

[Event "Madrid-ch 2020-2021 - Final"]
[Site "Madrid ESP"]
[Date "2021.05.25"]
[Round "4.6"]
[White "Moreno Ruiz, Javier"]
[Black "Neagu, Roberto Florin"]
[Result "1-0"]
[WhiteElo "2426"]
[BlackElo "1881"]
[PlyCount "85"]
[EventDate "2021.05.22"]
[EventType "swiss"]
[EventRounds "7"]
[EventCountry "ESP"]
[SourceTitle "Ajedrez en Madrid"]
[Source "lmi"]
[SourceDate "2021.05.23"]
[SourceVersion "1"]
[SourceVersionDate "2021.05.29"]
[SourceQuality "1"]

1. e4 c5 2. Nf3 Nc6 3. Bb5 g6 4. Bxc6 dxc6 5. d3 Nf6 6. h3 Bg7 7. Nc3 Nd7 8.
Be3 e5 9. Qd2 h6 10. a3 Qe7 11. O-O Nf8 12. Na4 Ne6 13. b4 b6 14. bxc5 b5 15.
Nb2 f5 16. Qe2 O-O 17. Rfe1 f4 18. Bd2 a5 19. a4 b4 20. c3 Nxc5 21. Nc4 Nd7 22.
cxb4 axb4 23. Bc1 Ba6 24. Qc2 Qc5 25. Nfd2 Qe7 26. Bb2 Qe6 27. Rec1 Rfd8 28.
Nf3 c5 29. a5 Bb5 30. Nb6 Nxb6 31. axb6 Qxb6 32. Rxa8 Rxa8 33. Nxe5 Bxe5 34.
Bxe5 Ra3 35. Ba1 Rxd3 36. Qb2 Rd7 37. Qh8+ Kf7 38. Qg7+ Ke8 39. Qe5+ Kd8 40.
Rxc5 Bc6 41. Bd4 Kc8 42. Rc4 Qb7 43. Qe6 1-0